000 00692nam a2200241 i 4500
001 15583
003 ES-MaACL
005 20240409171657.0
007 t|
008 000403s1999 sp ||||1| spa d
020 _a84-376-1776-6
080 _a821.134.2(83)-31"19"
100 1 _aDonoso, José.
_945336
245 1 3 _aEl lugar sin límites /
_cJosé Donoso ; edición de Selena Millares.
260 _aMadrid :
_bCátedra,
_c[1999]
300 _a215 p. ;
_c18 cm.
490 1 _aLetras hispánicas ;
_v479
700 1 _aMillares, Selena.
_981175
830 0 0 _aLetras hispánicas ;
_v479
_9235703
852 _aES-MaACL
_jL-22744
_bR.128037
942 _2udc
999 _c15583
_d15583